000
00250nam a22001097a 4500
040
_c
SY
082
_a
519
100
_a
ENG LENG; អេង លេង
245
_a
ស្ថិតិអាជីវកម្ម
260
_a
RUA
_b
ENG
_c
2000
942
_c
KB
999
_c
9726
_d
9726